| 000 | 00816cam a2200217 a 4500 | ||
|---|---|---|---|
| 001 | 000002763 | ||
| 005 | 20251114125814.0 | ||
| 008 | 810317s1971 mx r 001 0 spa | ||
| 040 |
_aDO-SdBNP _bspa _cBNPHU |
||
| 082 |
_a800 _bA634t |
||
| 245 | 0 | 0 | _aAntología de textos sobre lengua y literatura. |
| 260 |
_aMéxico, D. F. : _bUniversidad Nacional Autónoma de México, _c1971. |
||
| 300 |
_a286 p. ; _c22 cm. |
||
| 490 | 0 |
_aLecturas universitarias _v5 |
|
| 650 | 4 |
_aLiteratura _xEnsayos, conferencias, etc. _98705 |
|
| 650 | 0 |
_aLenguaje y lenguas _xEtimología _98706 |
|
| 650 | 4 |
_aEstilo literario _xEnsayos, conferencias, etc. _98707 |
|
| 710 | 1 |
_aMéxico ; _bUniversidad Nacional ; _eCentro de Estudios Literarios. _98708 |
|
| 830 | 4 |
_aLecturas universitarias _n5 _98709 |
|
| 910 | _aValidado. control de calidad. MFF | ||
| 999 |
_c2597 _d2597 |
||